Movies Quiz

Random Movies or Superhero Quiz

Captain America's To Do List Quiz Stats

 Plays Quiz not verified by Sporcle

Also try: Movie Death Haikus
Challenge
Share
Tweet
Embed
Score 0/10 Timer 10:00
0 Plays Today
% Correct
Star Wars/Trek
83.7%
Troubleman (Soundtrack)
59.7%
Steve Jobs (Apple)
42.1%
Nirvana (Band)
42.1%
Berlin Wall (Up + Down)
41.1%
Thai Food
40.8%
Rocky (Rocky II?)
37.6%
Moon Landing
34.7%
I Love Lucy
33.4%
Disco
30.4%

You're not logged in!

Compare scores with friends on all Sporcle quizzes.
Join for Free
OR
Log In

Show Comments

Extras

Top Quizzes Today


Score Distribution

Your Account Isn't Verified!

In order to create a playlist on Sporcle, you need to verify the email address you used during registration. Go to your Sporcle Settings to finish the process.

Report this User

Report this user for behavior that violates our Community Guidelines.

Details: